Storia del pudore : la questione sessuale in Italia, 1860-1940 /
I tiakina i:
| Kaituhi matua: | |
|---|---|
| Hōputu: | Pukapuka |
| Reo: | Itāriana |
| I whakaputaina: |
Venezia :
Marsilio,
1990
|
| Rangatū: | Saggi
|
| Ngā marau: | |
| Ngā Tūtohu: |
Kāore He Tūtohu, Me noho koe te mea tuatahi ki te tūtohu i tēnei pūkete!
|
MARC
| LEADER | 00000nam a2200000 i 4500 | ||
|---|---|---|---|
| 001 | IT\ICCU\RAV\0129725 | ||
| 003 | ItRI | ||
| 005 | 20260115231905.0 | ||
| 008 | 910218s1990 it |||||| ||||| |||||c | ||
| 015 | |2 IT |a 93-195 | ||
| 020 | |a 8831754289 | ||
| 040 | |b ita |c importazione bologna sebina | ||
| 041 | 7 | |a ita |2 ISO-639-2 | |
| 082 | |a 306.70945 |9 ISTITUZIONI ATTINENTI ALLE RELAZIONI TRA I SESSI. Italia |2 19 | ||
| 100 | 1 | |a Wanrooij, Bruno P. F. |0 IT\ICCU\RAVV\053861 |4 aut | |
| 245 | 1 | 0 | |a Storia del pudore : |b la questione sessuale in Italia, 1860-1940 / |c Bruno P. F. Wanrooij. |
| 260 | |a Venezia : |b Marsilio, |c 1990 | ||
| 300 | |a 234 p. ; |c 22 cm. | ||
| 650 | 7 | |a Morale sessuale |x Italia |x 1860-1940 |2 scbi | |
| 650 | 7 | |a Sesso e società |x Italia |x 1860-1940 |2 scbi | |
| 790 | 1 | |a Wanrooij, Bruno |3 IT\ICCU\CFIV\120208 |z Wanrooij, Bruno P. F. | |
| 830 | 0 | |a Saggi |0 IT\ICCU\CFI\0022487 | |
| 942 | |2 ddc |c BK |n 0 | ||
| 952 | |0 0 |1 0 |4 0 |6 DOC_306_709000000000000_WAN |7 0 |9 15503 |a BO |b BO |d 2026-01-15 |i 6599 |l 0 |o DOC 306.709 WAN |p BO6599 |r 2026-01-15 23:19:05 |w 2026-01-15 |x [Sebina 5] [1 v.] |y BK |z 1 v. | ||
| 999 | |c 13346 |d 13346 | ||